MARC
| LEADER | 00000 a a2200000 04500 | ||
|---|---|---|---|
| 001 | 25097 | ||
| 003 | |||
| 040 | |||
| 020 | |a 92-1-321235-6 | ||
| 090 | |a 177900 | ||
| 110 | |a Naciones Unidas | ||
| 245 | |a América Latina comercio esterior según la clasificación industrial internacional uniforma de todas las actividades económicas | ||
| 260 | |a Santiago: |b NU | ||
| 300 | |a 672 p.; vol. 1 |b **no definido** |b fonodiscos | ||
| 999 | |c 7885 |d 7885 | ||



